000 nam a22 7a 4500
999 _c9310
_d9310
008 180125b ||||| |||| 00| 0 eng d
100 _aNCERT
_95565
245 _aSocial Science-X
260 _aNew Delhi
_bNCERT
_c2007